000 00400nam a2200169Ia 4500
008 230524s9999 xx 000 0 und d
020 _a9788131526279
082 _a658.054678
_bSCH
100 _aGary Schneider
245 0 _aE-Business
250 _a10
260 _aNew Delhi
_bCengage
_c2017
300 _a"xvii,582p;"
500 _aQuantity Number: 20
650 _aManagement
942 _cBK
999 _c60145
_d60145